000 00650nam a2200181Ia 4500
003 IN-BaIIA
008 211028s9999 xx 000 0 eng d
040 _cIIA Library
080 _a523.7
_bCEC
110 _aSwitzerland. Centre European De Calcul Atomique Et Moleculaire
_913585
245 0 _aReport of workshop on plasma physics applied to active phenomena on the sun
_cCentre European De Calcul Atomique Et Moleculaire
260 _aFrance
_bCentre European De Calcul Atomique Et Moleculaire
_c1976
300 _a222p.
650 _aAstronomy and astrophysics thesaurus
650 _aPlasma physics
_93732
650 _aSun
_91200
942 _cBK
999 _c8050
_d8050